000 00813nac a22002291u 4500
010 _a75010713
020 _a080520492X
082 0 0 _a297.4
_bN624
090 _c1821
_d1821
100 _aNicholson, Reynold All
245 1 4 _aThe mystics of Islam /
_cby Reynold A. Nicholson.
260 _aNew York :
_bSchocken Books,
_c1975.
300 _a178 p. ;
_c21 cm.
500 _aReprint of the 1963 ed. published by Routledge & Kegan Paul, London, of a work first published in 1914.
500 _aIncludes index.
500 _aDonations
500 _aDonations - Dr. Mostafa Gouda
504 _aBibliography: p. 169-171.
650 0 _aSufism.
942 _cBB
_k297.4N624
999 _c1821
_d1821